00931nam a2200217 4500001000700000003000900007005001700016007000300033008004100036100003500077245022100112250001200333260006100345300002200406490003700428700003000465830004500495852003200540999001900572952012200591144780ES-MaACL20230906201110.0t|070214s1970 sp r ||||1| spa d1 aSlama-Cazacu, Tatiana.910676310aLenguaje y contexto b: el problema del lenguaje en la concepción de la expresión y de la interpretación por las organizaciones del contexto /cTatiana Slama-Cacazu ; [traducido del rumano por Carla del Solar]. a1ª ed. aBarcelona ; aMéxico : bGrijalbo, c1970 (fDiamante) a345 p. ; c20 cm.1 aBiología y Psicología de hoy1 aSolar, Carla del.91070930 aBiología y Psicología de hoy9184637 aES-MaACLjC-39836 bR.74481 c144780d144780 00104070aATENEOMbATENEOMcDEPO2d2008-01-17eSCl0oC-39836p1150994r2023-02-23 00:00:00w2023-02-23yMONOGRAFIA